000 00748nas a2200289 4500
001 BR9404058
003 BR-BrBNA
005 20231205093629.0
007 ta
008 230509b bl.|||p| |||| 00| 00por d
040 _aBR-BrBNA
_bpor
_cBiblioteca Nacional de Agricultura
041 _a(Pt)
072 _aM12
100 1 _aVal, A.M.J. do
245 1 _aPeixe: o mar no sertao
650 _aCarpa
650 _aPacu
650 _aTambaqui
650 _aPeixe de Agua Doce
650 _aAcude
650 _aTanque
650 _aPiscicultura
650 _aMinas Gerais
773 0 _tGlobo Rural (Brazil)
_xISSN 0102-6178
_g(Jun 1993), v. 8(92) p. 38-46
_wBR9404058
909 _a202311
_bLúcia
_c55
_dLúcia Elande
942 _2AGRIS
_n0
_cANA
999 _c139559
_d139559